Tesoros de china: (Record no. 11085)

MARC details
000 -CABECERA
campo de control de longitud fija 01035nam a22003017a 4500
003 - IDENTIFICADOR DEL NÚMERO DE CONTROL
campo de control FranzMayer
005 - FECHA Y HORA DE LA ÚLTIMA TRANSACCIÓN
campo de control 20250815183238.0
008 - DATOS DE LONGITUD FIJA--INFORMACIÓN GENERAL
campo de control de longitud fija 250815b |||||||| |||| 00| 0 eng d
040 ## - FUENTE DE LA CATALOGACIÓN
Centro/agencia transcriptor BMFM
050 #4 - SIGNATURA TOPOGRÁFICA DE LA BIBLIOTECA DEL CONGRESO
Número de clasificación N72.S6
Número de documento/Ítem P54
110 2# - ENTRADA PRINCIPAL--NOMBRE DE ENTIDAD CORPORATIVA
Nombre de entidad corporativa o nombre de jurisdicción como elemento de entrada Museo Franz Mayer.
Unidad subordinada Arte y diseño.
9 (RLIN) 30021
245 ## - MENCIÓN DE TÍTULO
Título Tesoros de china:
Resto del título Porcelana y artes decorativas /
Mención de responsabilidad, etc. Franz Mayer. Arte y Diseño
260 ## - PUBLICACIÓN, DISTRIBUCIÓN, ETC.
Lugar de publicación, distribución, etc. Benito Juárez, Ciudad de México
Nombre del editor, distribuidor, etc. ARGO,
Fecha de publicación, distribución, etc. 2023
300 ## - DESCRIPCIÓN FÍSICA
Extensión 179 p.,
Otras características físicas Fotografías a color
Dimensiones ???
500 ## - NOTA GENERAL
Nota general Primera edición
591 ## -
-- Bueno
592 ## -
-- Bueno
593 ## -
-- Bueno
650 ## - PUNTO DE ACCESO ADICIONAL DE MATERIA--TÉRMINO DE MATERIA
Término de materia o nombre geográfico como elemento de entrada Arte decorativo chino
9 (RLIN) 30022
700 1# - PUNTO DE ACCESO ADICIONAL--NOMBRE DE PERSONA
Nombre de persona Dimitrova, Radina
Fechas asociadas al nombre (1970-)
Término indicativo de función/relación Autor
9 (RLIN) 30023
700 1# - PUNTO DE ACCESO ADICIONAL--NOMBRE DE PERSONA
Nombre de persona Villavicencio García, Abraham
Término indicativo de función/relación Autor
9 (RLIN) 30024
700 1# - PUNTO DE ACCESO ADICIONAL--NOMBRE DE PERSONA
Nombre de persona Casanova Ciret, Raymundo,
Término indicativo de función/relación Fotógrafo
9 (RLIN) 30025
700 1# - PUNTO DE ACCESO ADICIONAL--NOMBRE DE PERSONA
Nombre de persona Rojo Alemdaro, Gabriel,
Término indicativo de función/relación Fotógrafo
9 (RLIN) 30026
700 1# - PUNTO DE ACCESO ADICIONAL--NOMBRE DE PERSONA
Nombre de persona Maldonado, Gabriela
Término indicativo de función/relación Fotógrafa
9 (RLIN) 30027
710 1# - PUNTO DE ACCESO ADICIONAL--NOMBRE DE ENTIDAD CORPORATIVA
Nombre de entidad corporativa o nombre de jurisdicción como elemento de entrada Museo Franz Mayer. Arte y Diseño
Término indicativo de función/relación Producción
9 (RLIN) 30028
902 ## - CATALOGADOR
Iniciales KH
942 ## - ELEMENTOS DE PUNTO DE ACCESO ADICIONAL (KOHA)
Fuente del sistema de clasificación o colocación Library of Congress Classification
Tipo de ítem Koha Libros
Holdings
Estado de retiro Estado de pérdida Fuente del sistema de clasificación o colocación Estado dañado No para préstamo Localización permanente Ubicación/localización actual Fecha de adquisición Total de préstamos Signatura topográfica completa Código de barras Fecha visto por última vez Precio válido a partir de Tipo de ítem Koha
El ejemplar forma parte de la colección y puede ser consultado según las políticas vigentes.   Library of Congress Classification     Biblioteca del Museo Franz Mayer (Rogerio Casas-Alatriste) Biblioteca del Museo Franz Mayer (Rogerio Casas-Alatriste) 15/08/2025   N72.S6 P54 CONT10242 15/08/2025 15/08/2025 Libros